000 00420nam a2200193Ia 4500
008 210210b xxu||||| |||| 00| 0 eng d
041 _aeng
082 _a954/264
100 _aMUKHERJI (L)
245 _aHistory of India: hindu period
260 _aCalcutta
_b-
_c
650 _aperiod
650 _aof
650 _aIndia:
650 _aHistory
650 _ahindu
690 _aIndian History
906 _a026021
999 _c151945
_d151945